山海經圖鑑
| 資料類型: | 圖書 | 書目號: | 51606 |
Leader xxxxxxxxxx 001 __ 102483/9/01 005 __ 20171120175600.551 010 0_ |a9789862138175|b平裝|d新臺幣600元 042 __ |anbic 100 __ |a20171120d2017 m y0chiy50 b 101 0_ |achi 102 __ |atw 105 __ |aa z 000ay 200 1_ |a山海經圖鑑|f李豐楙審訂 205 __ |a初版 210 __ |a臺北市|c大塊文化,國家圖書館|d2017[民106] 215 0_ |a317 面|c彩圖|d22 公分 225 12 |a經典.藝壇|v03 606 __ |2cst|a山海經 606 __ |2cst|a清代彩繪本 681 __ |a857.21|b8457 700 _1 |a李|b豐楙|4審訂 801 _0 |atw|bLibDipper|c20171120|gCCR |